000 00595nam a22001937a 4500
005 20251108174727.0
008 250721s1997 xx 000 0 ara d
082 1 4 _a740/عفي
100 1 _aعفيفي، فوزي سالم
_eمؤلف
245 1 0 _aفنية الزخرفة الهندسية /
264 1 _aدمشق :
_bدار الكتاب العربي،
_c1997.
300 _a212ص.
490 0 _aالبدائع الزخرفية
_v2
650 1 7 _aالفنون
650 1 7 _aالزخرفه
700 1 _aعبد الرحيم، مصطفى
_eمراجع
942 _2ddc
_cBK
999 _c116508
_d116508